000 00309nam a2200133Ia 4500
005 20251222144902.0
008 251222s9999||||xx |||||||||||||| ||spa||
020 _a84-7844-606-0
082 _a891.36/S79
100 _aSteiner, George
245 0 _aTolstói o Dostoievski
264 _bSiruela
942 _cLIB
999 _c22016
_d22016